AFL Positions - Statistics

General Stats
  • This quiz has been taken 116 times
    115 since last reset
  • The average score is 11 of 15
Answer Stats
Answer % Correct
Ruck
90%
Wing
87%
Full Forward
85%
Full Back
84%
Centre
77%
Half Back
76%
Half Forward
75%
Forward Pocket
74%
Back Pocket
72%
Rover
70%
Ruck Rover
70%
Centre Half Back
57%
Centre Half Forward
57%
Interchange
41%
Sub
39%
No matching quizzes found
Score Distribution
Percent of People with Each Score
Percentile by Number Answered
Your Score History
You have not taken this quiz since the last reset